000
00271nam a22001337a 4500
003
SGT
082
_a
370
_b
ABD
100
_a
DUTTA, USHA
245
_a
ALL FOR THE BEST
260
_a
NEW DELHI
_b
GLOBAL PUB
_c
2013
300
_a
136
650
_a
EDUCATION
942
_2
ddc
_c
BK
999
_c
11676
_d
11676